000 00558nam a2200169Ia 4500
005 20250508160024.0
008 008 250505s9999 xx 000 0 eng d
037 _aBooks to be hide in OPAC
040 _aFEDL
_beng
_cFEDL
041 _aeng
_2eng
084 _a379.42, GRE/O
_qFEDL
245 0 _aReports of the committee appointed to enquire into the education and training of cadets, midshipmen and junior officers of his majesty's fleet
260 _c1913
300 _a170p.
942 _cHB
_h379.42, GRE/O
999 _c1361131
_d1361131